00370 2200145 4500001002100000005001500021035002000036245005000056100003400106250000600140260003200146082000800178084001400186990002400200INLIS00000000000248920250604111625 a0010-06250000751 aSang Penyair /cMusthafa Luthfi Al-Manfaluthi0 aMusthafa Luthfi Al-Manfaluthi a1 aYogyakarta :bNavila,c2002 a813 a813 MUS s a02.1760 s/d 02.1769